[Event "Regionalliga SW 1314"]
[Site "Bayern"]
[Date "2014.03.16"]
[Round "8.7"]
[White "Wallner, Johann Jr"]
[Black "Jacobsen, Arne"]
[Result "1-0"]
[WhiteElo "1845"]
[BlackElo "1872"]
[PlyCount "105"]
[EventDate "2013.10.13"]
[EventType "team-tourn"]
[EventRounds "9"]
[EventCountry "GER"]
[SourceTitle "EXT 2015"]
[Source "ChessBase"]
[SourceDate "2014.11.20"]
[SourceVersion "1"]
[SourceVersionDate "2014.11.20"]
[SourceQuality "1"]
[WhiteTeam "Dachau"]
[BlackTeam "Muenchen 36"]
[WhiteTeamCountry "GER"]
[BlackTeamCountry "GER"]

1. e4 d6 2. d4 Nf6 3. Nc3 g6 4. Be2 Bg7 5. Be3 c6 6. Qd2 Qa5 7. f3 b5 8. Bd3 a6 9. e5 dxe5 10. dxe5 b4 11. exf6 bxc3 12. bxc3 Bxf6 13. Ne2 Nd7 14. 0-0 Rb8 15. Nd4 Qa4 16. Be4 c5 17. Nb3 Qc4 18. Rad1 Bxc3 19. Qf2 0-0 20. Bd5 Qa4 21. Nxc5 Nxc5 22. Bxc5 Bf6 23. Bb3 Qc6 24. Ba7 Rb5 25. Ba4 Be6 26. Bxb5 axb5 27. Bd4 Bxa2 28. Bxf6 Qxf6 29. Qc5 Bc4 30. Rf2 Qe6 31. Rfd2 Rc8 32. Qxc8+ Qxc8 33. Rd8+ Qxd8 34. Rxd8+ Kg7 35. Kf2 e5 36. Ke3 h5 37. g3 Kf6 38. c3 Ke6 39. Rb8 Bf1 40. Rb6+ Ke7 41. Ke4 Bc4 42. Kxe5 Kd7 43. Rb7+ Kc6 44. Re7 Kb6 45. Kd6 Bb3 46. f4 Be6 47. Re8 Kb7 48. Rxe6 fxe6 49. Kxe6 Kc6 50. Kf6 Kd5 51. Kxg6 Kc4 52. f5 Kxc3 53. f6 1-0